00327nam a2200109Ia 4500008004100000041000800041082002100049100002100070245006600091260005100157300000900208230411s9999 xx 000 0 und d aeng aA/611/GAR/B07463 aGarg Krishna Ed. aCompanion Pocketbook B D Chaurasias Human Anataomy : Volume 1 bCBS Publishers & DistributorsaNew Delhic2012 a172p